Extended Solar System - Statistics

General Stats
  • This quiz has been taken 362 times
  • The average score is 11 of 14
Answer Stats
Hint Answer % Correct
Dwarf Pluto
97%
#3 Earth
96%
#1 Mercury
96%
#2 Venus
96%
#5 Jupiter
94%
#4 Mars
94%
#8 Neptune
92%
#6 Saturn
92%
#7 Uranus
92%
Dwarf Ceres
81%
Dwarf Eris
72%
Luna The Moon
49%
Dwarf Sedna
41%
The Asteroid Belt
11%
No matching quizzes found
Score Distribution
Percent of People with Each Score
Percentile by Number Answered
Your Score History
You have not taken this quiz